000 01184nam a22002177a 4500
999 _c63672
_d63672
003 Ge_BSU
005 20251205143521.0
008 251205s2024 ge ||||| |||| 00| 0 geo d
020 _a9789941990373
041 _ageo
080 _a821.353.32-311.6 ჯ-41
100 _aჯიჭონაია, გია
_926363
245 _aიბერიაში ჩე სერეფი : ტრილოგია :
_bისტორიული რომანი. მაართა ნორთი, ბჟამორინელი /
_cგია ჯიჭონაია; რედაქტორი ლაშა გვასალია.
264 _aქართი :
_bსაქართველოს პარლამენტის ეროვნული ბიბლიოთეკა,
_c2024.
300 _a670 გვ. ;
_b21 სმ.
500 _a მეგრულ ენაზე.
653 _aმეგრული პროზა
700 _aგვასალია, ლაშა
_eრედაქტორი
_926364
856 _uhttps://dspace.nplg.gov.ge/bitstream/1234/530241/1/Iberiashi_Che_Serefi_2024.pdf
_yელ. ვერსია
942 _2udc
_cBK